000 00644nam a2200193 i 4500
001 70137
003 ES-MaACL
005 20230906170729.0
007 t|
008 040719s1923 sp ||||1| spa d
100 1 _aGarcía Oviedo, Carlos.
_955069
245 1 3 _aLa teoría del servicio público /
_cCarlos García Oviedo.
260 _aMadrid :
_bReus,
_c1923.
300 _a103 p. ;
_c23 cm.
490 1 _aBiblioteca de la Revista General de Legislación y Jurisprudencia ;
_v30
830 0 _aBiblioteca de la Revista General de Legislación y Jurisprudencia ;
_v30
_9182870
852 _aES-MaACL
_j1677-F-12
_bR.4788
999 _c70137
_d70137